000 00654nam a22002417a 4500
001 59084
003 UA-OsUOA
005 20211222123644.0
007 ta
008 20090306b un ||||| |||| 00| 0 ukr d
020 _a9665949756
040 _aUA-OsUOA
_bukr
_cUA-OsUOA
_dUA-OsUOA
041 _aukr
080 _a1(091)(075,8)
090 _a1(091)(075,8)
_bІ-99
245 _aІсторія філософії
_bпідручник: у 2-х т.
_cВ. І. Ярошовець
260 _aК.
_bВПЦ КУ
_c2007
300 _a472 с.
505 _gТ. 1
650 7 _a1(091) Історія філософії
_2UDC
942 _cBK
_2udc
955 _a2
999 _c345170
_d345170